000 00272nam a22001097a 4500
020 _a978-986-97417-7-4
050 _a863
245 _a第二十一屆林榮三文學獎得獎作品集
_c孫梓評.謝麗笙編輯
250 _a初版
260 _c2026.01
942 _2ccl
_cBOOK
999 _c7703
_d7703